000
00273nam a22001337a 4500
008
181019b xxu||||| |||| 00| 0 eng d
020
_a
044308033
041
_a
eng
080
_a
617
100
_a
8
101
_a
ORT
245
_a
Clubfoot
_c
Turco, V.J
942
_2
udc
_c
BK
999
_c
50305
_d
50305